书目信息 |
| 题名: |
水暖维修工
|
|
| 作者: | 李秋富 编 | |
| 分册: | ||
| 出版信息: | 北京 中国建筑工业出版社 1982 |
|
| 页数: | 355页 | |
| 开本: | 19cm | |
| 丛书名: | 安装工人技术学习丛书 | |
| 单 册: | ||
| 中图分类: | TU82 | |
| 科图分类: | ||
| 主题词: | 房屋建筑设备:卫生设备 | |
| 电子资源: | ||
| ISBN: | ||
| 000 | 00726nam2 2200277 45 | |
| 001 | 0182004151 | |
| 005 | 20040517090642.5 | |
| 010 | @dCNY0.90 | |
| 091 | @a15040.4186 | |
| 100 | @a19950403d1982 em y0chiy0121 ea | |
| 101 | 0 | @achi |
| 102 | @aCN@b110000 | |
| 105 | @ay z 000yy | |
| 106 | @ar | |
| 200 | 10 | @a水暖维修工@Ashui nuan wei xiu gong@f李秋富编 |
| 205 | @a2版 | |
| 210 | @a北京@c中国建筑工业出版社@d1982 | |
| 215 | @a355页@d19cm | |
| 225 | 2 | @a安装工人技术学习丛书 |
| 410 | 0 | @120010@a安装工人技术学习丛书 |
| 606 | 0 | @a房屋建筑设备:卫生设备 |
| 690 | @aTU82@v3 | |
| 701 | 0 | @a李秋富@Ali qiu fu@4编 |
| 801 | 0 | @aCN@b上海图书馆@c20040517 |
| 801 | 2 | @aCN@bNLC@c20040517 |
| 905 | @f1@b107567@dTU82@e49 | |
| 水暖维修工/李秋富编.-2版.-北京:中国建筑工业出版社,1982 |
| 355页;19cm.-(安装工人技术学习丛书) |
| ISBN :CNY0.90 |
| ● |
| 相关链接 |
|
|
|
|
正题名:水暖维修工
索取号:TU82/49
 
预约/预借
| 序号 | 登录号 | 条形码 | 馆藏地/架位号 | 状态 | 备注 |
| 1 | 0107567 | 001480515 | 第三借阅区/ [索取号:TU82/49] | 在馆 | |
| 2 | 0107568 | 001465079 | 第二样本阅览室/ [索取号:TU82/49] | 在馆 |